<?xml version="1.0" encoding="UTF-8"?>
<record
    xmlns:xsi="http://www.w3.org/2001/XMLSchema-instance"
    xsi:schemaLocation="http://www.loc.gov/MARC21/slim http://www.loc.gov/standards/marcxml/schema/MARC21slim.xsd"
    xmlns="http://www.loc.gov/MARC21/slim">

  <leader>00843nam a22002057a 4500</leader>
  <controlfield tag="003">UA-OsUOA</controlfield>
  <controlfield tag="001"> 43416 </controlfield>
  <controlfield tag="007">ta</controlfield>
  <controlfield tag="008">20090625b un ||||| |||| 00| 0 ukr d</controlfield>
  <datafield tag="090" ind1=" " ind2=" ">
    <subfield code="a">94(477).05</subfield>
  </datafield>
  <datafield tag="942" ind1=" " ind2=" ">
    <subfield code="c">BKA</subfield>
  </datafield>
  <datafield tag="040" ind1=" " ind2=" ">
    <subfield code="a">UA-OsUOA</subfield>
    <subfield code="b">ukr</subfield>
    <subfield code="c">UA-OsUOA</subfield>
    <subfield code="d">UA-OsUOA</subfield>
  </datafield>
  <datafield tag="245" ind1=" " ind2=" ">
    <subfield code="a">&#x415;&#x43A;&#x43E;&#x43D;&#x43E;&#x43C;&#x456;&#x447;&#x43D;&#x438;&#x439; &#x441;&#x442;&#x430;&#x43D; &#x423;&#x43A;&#x440;&#x430;&#x457;&#x43D;&#x438;, &#x43A;&#x43B;&#x44F;&#x441;&#x43E;&#x432;&#x430; &#x441;&#x442;&#x440;&#x443;&#x43A;&#x442;&#x443;&#x440;&#x430; &#x457;&#x457; &#x441;&#x443;&#x441;&#x43F;&#x456;&#x43B;&#x44C;&#x441;&#x442;&#x432;&#x430; &#x439; &#x443;&#x43A;&#x440;&#x430;&#x457;&#x43D;&#x441;&#x44C;&#x43A;&#x435; &#x43F;&#x438;&#x441;&#x44C;&#x43C;&#x435;&#x43D;&#x441;&#x442;&#x432;&#x43E; &#x432; &#x43F;&#x435;&#x440;&#x448;&#x456;&#x439; &#x43F;&#x43E;&#x43B;&#x43E;&#x432;&#x438;&#x43D;&#x456; &#x425;&#x406;&#x425; &#x441;&#x442;&#x43E;&#x43B;&#x456;&#x442;&#x442;&#x44F;</subfield>
    <subfield code="b">&#x422;&#x435;&#x437;&#x438;</subfield>
  </datafield>
  <datafield tag="955" ind1=" " ind2=" ">
    <subfield code="a">4</subfield>
  </datafield>
  <datafield tag="041" ind1=" " ind2=" ">
    <subfield code="a">ukr</subfield>
  </datafield>
  <datafield tag="080" ind1=" " ind2=" ">
    <subfield code="a">94(477).05</subfield>
  </datafield>
  <datafield tag="773" ind1="0" ind2=" ">
    <subfield code="t">&#x41C;.&#x410;. &#x41F;&#x43B;&#x435;&#x432;&#x430;&#x43A;&#x43E;. &#x421;&#x442;&#x430;&#x442;&#x442;&#x456;, &#x440;&#x43E;&#x437;&#x432;&#x456;&#x434;&#x43A;&#x438; &#x439; &#x431;&#x456;&#x43E;-&#x431;&#x456;&#x431;&#x43B;&#x456;&#x43E;&#x433;&#x440;&#x430;&#x444;&#x456;&#x447;&#x43D;&#x456; &#x43C;&#x430;&#x442;&#x435;&#x440;&#x456;&#x430;&#x43B;&#x438;</subfield>
    <subfield code="g">&#x41D;&#x44C;&#x44E;-&#x419;&#x43E;&#x440;&#x43A;-&#x41F;&#x430;&#x440;&#x438;&#x436;: &#x423;&#x412;&#x410;&#x41D; &#x443; &#x421;&#x428;&#x410;</subfield>
    <subfield code="d">1961</subfield>
  </datafield>
  <datafield tag="650" ind1=" " ind2="7">
    <subfield code="a">9 &#x413;&#x435;&#x43E;&#x433;&#x440;&#x430;&#x444;&#x456;&#x44F;. &#x411;&#x456;&#x43E;&#x433;&#x440;&#x430;&#x444;&#x456;&#x457;. &#x406;&#x441;&#x442;&#x43E;&#x440;&#x456;&#x44F;</subfield>
    <subfield code="2">UDC</subfield>
  </datafield>
  <datafield tag="999" ind1=" " ind2=" ">
    <subfield code="c">441890</subfield>
    <subfield code="d">441890</subfield>
  </datafield>
</record>
